| 000 | 004620000a22001690004500 | ||
|---|---|---|---|
| 003 | MACL | ||
| 005 | 20151230152135.0 | ||
| 008 | 151230b xxu||||| |||| 00| 0 eng d | ||
| 040 |
_aMACL _cMACL |
||
| 041 | _aEnglish | ||
| 082 | _a320.0954/TWE | ||
| 100 |
_aAsia Publishing House _925068 |
||
| 245 | _aThe Organisation of The Government of India | ||
| 260 |
_bAsia Publishing House _c1958 |
||
| 650 |
_aPolitical Science _925069 |
||
| 942 |
_cBK _k320.0954/TWE _2ddc |
||
| 999 |
_c39021 _d39021 |
||